Empangan

Bibliographic Details
Main Author: Zakaria Ali
Format: Book
Published: Kuala Lumpur : Dewan Bahasa Dan Pustaka , 1991
Subjects:

MARC

LEADER 00000cam a2200000 7i4500
001 0000009043
002 000009853
005 20000330.0
020 |a 9836216103 
090 0 0 |a F   |b ZAK 
100 0 |a Zakaria Ali 
245 1 0 |a Empangan   |c Zakaria Ali 
260 |a Kuala Lumpur :   |b Dewan Bahasa Dan Pustaka ,   |c 1991 
300 |a 259 p. ;   |c 24cm. 
650 0 0 |a General fiction, Malay 
999 |a 025636   |b BUKU   |c PINJAMAN   |e PERPUSTAKAAN KOMUNITI PETALING JAYA 
999 |a 025637   |b BUKU   |c PINJAMAN   |e PERPUSTAKAAN KOMUNITI PETALING JAYA